| 000 | 00577 a2200181 4500 | ||
|---|---|---|---|
| 001 | 136336 | ||
| 020 | _a9788599759066 | ||
| 040 | _cLeonardo Da Vinci | ||
| 041 | _aPortuguês | ||
| 082 |
_a614.4 B393n _bB393n |
||
| 100 | _aBENARDE, Melvin A | ||
| 245 |
_aNosso frágil planeta _be seus insensatos habitantes (o futuro está em suas mãos) |
||
| 260 |
_bErgo _c2009 _aBelo Horizonte |
||
| 362 | _a20090000 | ||
| 500 | _aTítulo original: Our precarious habitat... it's in your hands | ||
| 697 |
_aSaúde pública _aMeio ambiente _aPoluição _aNatureza _aFIPEN |
||
| 942 | _cBK | ||
| 999 |
_c136336 _d136336 |
||